00885nam a2200265Ia 4500001000800000003000500008005001700013008004100030010001100071020001800082040000900100082002100109100003900130245018400169250002700353260003800380300001100418503001300429504003100442650002400473650001900497700003500516700003600551700003200587dia_907CHAP20230116141758.0220117s1995 xx 000 0 und d a171455 a84-7114-536-7 cCHAP a333.714 C66 1995 aConesa Fernández-Vitora, Vicente aGuía metodológica para la evaluación del impacto ambiental /c Vicente Conesa Fdez.-Vitora ; colaboración Vicente Ros Garro, Vicente Conesa Ripoll y Luis A. Conesa Ripoll a2a ed. rev. y ampliada aEspaña :b Mundi-Prensa,c1995 a309 p. a1.180195 aBibliografía: p. 385-390 aImpacto ambiental  aMedio ambiente aConesa Ripoll, Luis A., colab. aConesa Ripoll, Vicente, colab.  aRos Garro, Vicente, colab.